| 000 | 00530nam a22001457a 4500 | ||
|---|---|---|---|
| 999 |
_c504243 _d504243 |
||
| 005 | 20180806122106.0 | ||
| 008 | 180806b ||||| |||| 00| 0 eng d | ||
| 040 | _c | ||
| 082 | _aT19065x54 B | ||
| 100 |
_aIndia. Ministry of Planning. Central Statistical Organisation _9195 |
||
| 245 |
_aBasic statistics relating to the Indian economy _bby Cental Statistical Organisation, Ministry of Planning |
||
| 260 |
_aDelhi _bController of Publications |
||
| 500 | _aLibrary has 1950-51-1979-80 1986,1988, 1989, 1991 | ||
| 942 |
_2ddc _cGG |
||